000 00526nam a2200205Ia 4500
003 OSt
005 20241125113703.0
008 210719s1963 xx 000 0 und d
040 _cAL
041 _aeng
082 _a378.14 STAL
100 _aST. ALOYSIUS COLLEGE
_9186369
245 _aSt. Aloysius college, Mangalore: Calendar 1943-1963.
260 _aMangalore
_bSt. Aloysius College
_c1963
300 _bHB
365 _cRs
650 _aHigher Education
_9186370
906 _aCollege Calendar
942 _2ddc
_cBK
999 _c212181
_d212181